[Event "Open"]
[Site "Cappelle la Grande"]
[Date "1999.02.20"]
[Round "8"]
[White "Gurevich, Vladimir"]
[Black "Volodin, Viktor"]
[Result "1-0"]
[WhiteElo "2513"]
[BlackElo "2273"]
[PlyCount "49"]
[EventDate "1999.02.??"]

1. e4 e5 2. Nf3 Nc6 3. Bc4 Bc5 4. c3 Nf6 5. d3 d6 6. Bb3 O-O 7. O-O Bb6 8. Nbd2
a6 9. Nc4 Ba7 10. Re1 h6 11. Ne3 Be6 12. h3 Bxb3 13. Qxb3 Rb8 14. Nf5 Ne7 15.
Ng3 Qd7 16. d4 exd4 17. cxd4 c5 18. dxc5 dxc5 19. Bf4 Rbd8 20. Be5 Nc6 21. Bxf6
gxf6 22. Qe3 Nd4 23. Qxh6 Nxf3+ 24. gxf3 Qd2 25. Re3 1-0

[Event "Open"]
[Site "Cappelle la Grande"]
[Date "1999.02.20"]
[Round "8"]
[White "Atalik, Suat"]
[Black "Blehm, Pawel"]
[Result "1-0"]
[WhiteElo "2593"]
[BlackElo "2428"]
[PlyCount "49"]
[EventDate "1999.02.??"]

1. d4 Nf6 2. c4 g6 3. Nc3 Bg7 4. e4 d6 5. Nf3 O-O 6. Be2 e5 7. O-O exd4 8. Nxd4
Re8 9. f3 Nc6 10. Be3 Nh5 11. Qd2 f5 12. Nxc6 bxc6 13. c5 Rb8 14. cxd6 Qxd6 15.
Rad1 Qb4 16. Bxa7 Rb7 17. a3 Qxb2 18. Bc4+ Kh8 19. Qd8 Nf6 20. e5 Qxa3 21. exf6
Rxd8 22. Rxd8+ Bf8 23. Bd4 h5 24. Re1 Kh7 25. Re7+ 1-0

[Event "Open"]
[Site "Cappelle la Grande"]
[Date "1999.02.20"]
[Round "8"]
[White "Chuchelov, Vladimir"]
[Black "Marcelin, Cyril"]
[Result "1-0"]
[WhiteElo "2534"]
[BlackElo "2383"]
[PlyCount "55"]
[EventDate "1999.02.??"]

1. Nf3 c5 2. c4 Nc6 3. d4 cxd4 4. Nxd4 g6 5. e4 Bg7 6. Be3 Nf6 7. Nc3 O-O 8.
Be2 d6 9. O-O Be6 10. Nxe6 fxe6 11. f4 a6 12. Rc1 Rb8 13. g4 Qa5 14. g5 Ne8 15.
Bg4 Nc7 16. a3 b5 17. cxb5 axb5 18. Nb1 Qa8 19. Qc2 Nd4 20. Qxc7 Rb7 21. Qc3
Ne2+ 22. Bxe2 Bxc3 23. Nxc3 Qa5 24. Bg4 Kf7 25. Ne2 b4 26. Nd4 bxa3 27. Bxe6+
Kg7 28. Nc6 1-0

[Event "Open"]
[Site "Cappelle la Grande"]
[Date "1999.02.20"]
[Round "8"]
[White "David, Alberto"]
[Black "Pierrot, Facundo"]
[Result "1/2-1/2"]
[WhiteElo "2530"]
[BlackElo "2442"]
[PlyCount "67"]
[EventDate "1999.02.??"]

1. e4 c5 2. Nf3 Nc6 3. d4 cxd4 4. Nxd4 Nf6 5. Nc3 e6 6. Ndb5 d6 7. Bf4 e5 8.
Bg5 a6 9. Na3 b5 10. Bxf6 gxf6 11. Nd5 f5 12. Bd3 Be6 13. O-O Bxd5 14. exd5 Ne7
15. c3 Bg7 16. Qh5 e4 17. Bc2 Qc8 18. Rad1 Qc5 19. Bb3 a5 20. Qe2 a4 21. Bc2 b4
22. cxb4 Qxb4 23. f3 Qc5+ 24. Kh1 e3 25. Rc1 O-O 26. Bb1 Qxd5 27. Qxe3 Qe5 28.
Qd3 Qxb2 29. Nc4 Qf6 30. Qxd6 Qxd6 31. Nxd6 Rfd8 32. Nxf5 Nxf5 33. Bxf5 Rd2 34.
Rc2 1/2-1/2

[Event "Open"]
[Site "Cappelle la Grande"]
[Date "1999.02.20"]
[Round "8"]
[White "Demirel, Tolga"]
[Black "Shaw, John"]
[Result "0-1"]
[WhiteElo "2232"]
[BlackElo "2425"]
[PlyCount "54"]
[EventDate "1999.02.??"]

1. d4 d5 2. c4 c6 3. Nf3 Nf6 4. Nc3 dxc4 5. e4 b5 6. e5 Nd5 7. a4 e6 8. axb5
Nxc3 9. bxc3 cxb5 10. Ng5 Bb7 11. Qh5 g6 12. Qg4 Be7 13. h4 h5 14. Qg3 Bd5 15.
Be2 Nc6 16. Bf3 b4 17. Nxe6 fxe6 18. Qxg6+ Kd7 19. Bxd5 exd5 20. Ra6 Qc8 21.
e6+ Kc7 22. Ra1 Qg8 23. Bf4+ Kb7 24. Qc2 b3 25. Rb1 Qxg2 26. Rxb3+ cxb3 27.
Qxb3+ Bb4 0-1

[Event "Open"]
[Site "Cappelle la Grande"]
[Date "1999.02.20"]
[Round "8"]
[White "Dvoirys, Semen I"]
[Black "Galkin, Alexander"]
[Result "1-0"]
[WhiteElo "2562"]
[BlackElo "2507"]
[PlyCount "47"]
[EventDate "1999.02.??"]

1. e4 c5 2. Nf3 e6 3. d4 cxd4 4. Nxd4 a6 5. Bd3 Nf6 6. O-O d6 7. f4 Nbd7 8. Kh1
b5 9. a4 bxa4 10. Nc3 Bb7 11. Rxa4 Nc5 12. Rb4 Rb8 13. f5 Be7 14. fxe6 fxe6 15.
Na4 Qc8 16. Bc4 Nxa4 17. Bxe6 Qc7 18. Rxa4 Bxe4 19. Qe2 Rf8 20. Rxa6 Qb7 21.
Ra4 Nd7 22. Rxf8+ Nxf8 23. Bf5 Bd5 24. c4 1-0

[Event "Open"]
[Site "Cappelle la Grande"]
[Date "1999.02.20"]
[Round "8"]
[White "Foisor, Cristina Adela"]
[Black "Kveinys, Aloysas"]
[Result "0-1"]
[WhiteElo "2370"]
[BlackElo "2502"]
[PlyCount "66"]
[EventDate "1999.02.??"]

1. c4 g6 2. g3 Bg7 3. Bg2 c5 4. Nc3 Nc6 5. d3 e6 6. Bxc6 dxc6 7. f4 e5 8. fxe5
Bxe5 9. Nf3 Bg7 10. Be3 b6 11. Qd2 h6 12. O-O-O Ne7 13. h4 Bf5 14. Bf4 Qd7 15.
Rhg1 O-O-O 16. g4 Bxg4 17. Ne5 Bxe5 18. Bxe5 h5 19. Bxh8 Rxh8 20. Ne4 Nf5 21.
Nf6 Qd4 22. Nxg4 hxg4 23. e4 Nxh4 24. Qg5 f5 25. exf5 Nf3 26. Qxg4 Nxg1 27.
Rxg1 Qe3+ 28. Kc2 Qf2+ 29. Kb3 Rh2 30. fxg6+ Kb7 31. Qd7+ Ka6 32. Qg7 Qxg1 33.
Ka3 Qe1 0-1

[Event "Open"]
[Site "Cappelle la Grande"]
[Date "1999.02.20"]
[Round "8"]
[White "Grigore, George"]
[Black "Welling, Gerard"]
[Result "1-0"]
[WhiteElo "2526"]
[BlackElo "2334"]
[PlyCount "53"]
[EventDate "1999.02.??"]

1. d4 d5 2. c4 c6 3. Nc3 Nf6 4. cxd5 cxd5 5. Bf4 Nc6 6. e3 Bf5 7. Bb5 e6 8. Qa4
Qb6 9. Nf3 Be7 10. Ne5 Rc8 11. O-O O-O 12. Nxc6 bxc6 13. Ba6 Rcd8 14. h3 Nd7
15. Rfc1 Qxb2 16. Bc7 Rde8 17. Qxc6 Nb8 18. Qb7 Ba3 19. Nb5 Nxa6 20. Qxa6 Rc8
21. Qxa3 Qxb5 22. Qxa7 Qb2 23. a4 Bd3 24. a5 Rfe8 25. Qb6 Qb5 26. Qxb5 Bxb5 27.
a6 1-0

[Event "Open"]
[Site "Cappelle la Grande"]
[Date "1999.02.20"]
[Round "8"]
[White "Jonkman, Harmen"]
[Black "Murey, Jaacov"]
[Result "0-1"]
[WhiteElo "2321"]
[BlackElo "2463"]
[PlyCount "70"]
[EventDate "1999.02.??"]

1. e4 c5 2. c3 b6 3. d4 Bb7 4. Bd3 Nf6 5. Nd2 cxd4 6. cxd4 Nc6 7. Ngf3 Nb4 8.
Bb1 Ba6 9. Nb3 e6 10. a3 Nc6 11. d5 exd5 12. exd5 Qe7+ 13. Be3 Ne5 14. Qd4
Nxf3+ 15. gxf3 Qd6 16. Be4 Be7 17. Rg1 Rc8 18. Rc1 Rxc1+ 19. Nxc1 Nxe4 20. fxe4
Bf6 21. Qa4 Qxh2 22. Rg3 Qh1+ 23. Kd2 Bxb2 24. Kc2 Bxc1 25. Bxc1 Qf1 26. Qd4
Kd8 27. Rc3 Qe2+ 28. Kb1 f6 29. f3 h5 30. a4 h4 31. d6 Rh5 32. f4 Rc5 33. Rxc5
Qd3+ 34. Qxd3 Bxd3+ 35. Rc2 h3 0-1

[Event "Open"]
[Site "Cappelle la Grande"]
[Date "1999.02.20"]
[Round "8"]
[White "Khachian, Melikset"]
[Black "Yakovich, Yuri"]
[Result "1/2-1/2"]
[WhiteElo "2478"]
[BlackElo "2565"]
[PlyCount "127"]
[EventDate "1999.02.??"]

1. e4 c5 2. Nc3 e6 3. Nf3 a6 4. d4 cxd4 5. Nxd4 Qc7 6. Bd3 Nf6 7. O-O Bc5 8.
Nb3 Be7 9. f4 d6 10. Be3 Nbd7 11. Qf3 b5 12. a4 b4 13. Na2 Bb7 14. Bd2 d5 15.
e5 Ne4 16. Bxe4 dxe4 17. Qe3 Nb6 18. c3 Nc4 19. Qe2 Qb6+ 20. Nd4 Nxd2 21. Qxd2
Rd8 22. Rfd1 O-O 23. cxb4 Bd5 24. a5 Qb7 25. Qc2 Bxa2 26. Rxa2 Qa7 27. Qxe4
Bxb4 28. Kf1 Rd5 29. Rd3 Qd7 30. Rh3 g6 31. Nf3 Qb5+ 32. Kf2 Bc5+ 33. Kg3 Qf1
34. b4 Be7 35. Rf2 Qb5 36. Rc2 Qxb4 37. Qxb4 Bxb4 38. Ng5 Bxa5 39. Nxh7 Rd3+
40. Kg4 Rxh3 41. Nf6+ Kg7 42. Kxh3 Rb8 43. Kg4 Bd8 44. Nd7 Ra8 45. Nc5 a5 46.
Rc4 Ra7 47. Kf3 Rc7 48. Rc3 Rc6 49. Ke4 f5+ 50. Kd3 g5 51. Nb7 Rxc3+ 52. Kxc3
Bc7 53. Nc5 Kf7 54. Kc4 gxf4 55. Nd3 Ke7 56. Kb5 Kf7 57. Kc6 Bd8 58. Kb5 Bc7
59. h3 Ke7 60. h4 Kf7 61. h5 Kg7 62. Kc6 Bxe5 63. Nxe5 a4 64. Nc4 1/2-1/2

[Event "Open"]
[Site "Cappelle la Grande"]
[Date "1999.02.20"]
[Round "8"]
[White "Klinova, Masha"]
[Black "Bauer, Christian"]
[Result "0-1"]
[WhiteElo "2360"]
[BlackElo "2528"]
[PlyCount "38"]
[EventDate "1999.02.??"]

1. e4 c5 2. Nf3 Nc6 3. Bb5 d6 4. Bxc6+ bxc6 5. O-O e5 6. c3 f5 7. exf5 Bxf5 8.
d4 cxd4 9. cxd4 e4 10. Bg5 Be7 11. Bxe7 Nxe7 12. Nh4 O-O 13. Nxf5 Nxf5 14. d5
Qg5 15. dxc6 Kh8 16. Qd2 Qg6 17. Kh1 e3 18. Qe2 exf2 19. Rxf2 Nd4 0-1

[Event "Open"]
[Site "Cappelle la Grande"]
[Date "1999.02.20"]
[Round "8"]
[White "Legky, Nicolay A"]
[Black "Touzane, Olivier"]
[Result "1-0"]
[WhiteElo "2487"]
[BlackElo "2358"]
[PlyCount "39"]
[EventDate "1999.02.??"]

1. d4 f5 2. g3 Nf6 3. Bg2 g6 4. Nh3 Bg7 5. Nf4 d6 6. Nc3 O-O 7. O-O c6 8. e4
fxe4 9. Nxe4 Nxe4 10. Bxe4 d5 11. Bg2 e5 12. dxe5 Bxe5 13. Re1 Bg7 14. c3 Na6
15. Be3 Qf6 16. Bd4 Qf7 17. Be5 Rd8 18. Qd4 c5 19. Qxd5 Rxd5 20. Bxd5 1-0

[Event "Open"]
[Site "Cappelle la Grande"]
[Date "1999.02.20"]
[Round "8"]
[White "Marciano, David"]
[Black "Holmsten, Aleksei"]
[Result "1-0"]
[WhiteElo "2521"]
[BlackElo "2373"]
[PlyCount "65"]
[EventDate "1999.02.??"]

1. e4 c5 2. Nf3 Nc6 3. c3 d5 4. exd5 Qxd5 5. d4 Bg4 6. Be2 cxd4 7. cxd4 e6 8.
Nc3 Qd7 9. O-O Nf6 10. Ne5 Bxe2 11. Nxd7 Bxd1 12. Nxf6+ gxf6 13. Rxd1 O-O-O 14.
Be3 Bb4 15. d5 Bxc3 16. dxc6 Bxb2 17. cxb7+ Kb8 18. Rab1 Ba3 19. g3 Be7 20.
Rdc1 Bd6 21. Rc4 a5 22. Rc6 Bb4 23. Ra6 Kxb7 24. Ra7+ Kc6 25. a3 Bc3 26. Rc1
Rd3 27. Kf1 Rhd8 28. Ke2 Kb5 29. Rxf7 Ka4 30. Rxh7 Kxa3 31. Rb7 a4 32. Rc2 R8d5
33. Bc1+ 1-0

[Event "Open"]
[Site "Cappelle la Grande"]
[Date "1999.02.20"]
[Round "8"]
[White "Midoux, Sebastien"]
[Black "Salmensuu, Olli"]
[Result "1-0"]
[WhiteElo "2225"]
[BlackElo "2449"]
[PlyCount "57"]
[EventDate "1999.02.??"]

1. e4 c5 2. Nf3 d6 3. c3 Nf6 4. Be2 Nc6 5. d4 cxd4 6. cxd4 Nxe4 7. d5 Qa5+ 8.
Nc3 Nxc3 9. bxc3 Nb8 10. O-O Nd7 11. Re1 Nf6 12. c4 g6 13. Bf1 Bg7 14. Rb1 Qc7
15. Qe2 Bg4 16. Rb3 O-O-O 17. h3 Bxf3 18. Qxf3 Rhf8 19. Ra3 Kb8 20. Be3 b6 21.
c5 dxc5 22. Bf4 Rd6 23. Bc4 Nh5 24. Bh2 Bd4 25. Ra6 f5 26. Bxd6 Qxd6 27. Re6
Qc7 28. Qb3 Kc8 29. Rc6 1-0

[Event "Open"]
[Site "Cappelle la Grande"]
[Date "1999.02.20"]
[Round "8"]
[White "Poluljahov, Alelsandr"]
[Black "Landa, Konstantin"]
[Result "1/2-1/2"]
[WhiteElo "2566"]
[BlackElo "2542"]
[PlyCount "67"]
[EventDate "1999.02.??"]

1. c4 e5 2. Nc3 Nc6 3. Nf3 Bb4 4. Nd5 e4 5. Nd4 Nxd4 6. Nxb4 Nf6 7. e3 Nc6 8.
Nxc6 dxc6 9. d4 Bg4 10. Qb3 b6 11. h3 Bh5 12. Bd2 O-O 13. g4 Bg6 14. O-O-O h6
15. g5 Nd7 16. h4 c5 17. Bh3 Qe7 18. Qa3 Rfe8 19. Bc3 cxd4 20. Qxe7 Rxe7 21.
exd4 f5 22. gxf6 Nxf6 23. d5 e3 24. Be6+ Bf7 25. Bxf6 gxf6 26. fxe3 Rae8 27.
Rhg1+ Kf8 28. Rd4 Bxe6 29. dxe6 Rxe6 30. Rg6 Rc6 31. b3 Rxe3 32. Rxh6 Re2 33.
Rg6 Ke7 34. Rd2 1/2-1/2

[Event "Open"]
[Site "Cappelle la Grande"]
[Date "1999.02.20"]
[Round "8"]
[White "Savchenko, Stanislav"]
[Black "Relange, Eloi"]
[Result "1-0"]
[WhiteElo "2539"]
[BlackElo "2478"]
[PlyCount "59"]
[EventDate "1999.02.??"]

1. Nf3 Nf6 2. c4 g6 3. Nc3 Bg7 4. e4 d6 5. d4 O-O 6. Be2 e5 7. O-O Nc6 8. d5
Ne7 9. b4 a5 10. Ba3 axb4 11. Bxb4 Nd7 12. a4 Bh6 13. a5 f5 14. Nd2 Kh8 15. Bf3
Ra6 16. Re1 Rf7 17. Ra2 Ng8 18. Na4 Ngf6 19. c5 dxc5 20. Nxc5 Nxc5 21. Bxc5
fxe4 22. Nxe4 Qxd5 23. Ng5 Qxa2 24. Qd8+ Kg7 25. Nxf7 Qxf7 26. Qxc8 Bd2 27.
Rxe5 Rxa5 28. g3 Bc3 29. Re7 Rxc5 30. Qe6 1-0

[Event "Open"]
[Site "Cappelle la Grande"]
[Date "1999.02.20"]
[Round "8"]
[White "Stefansson, Hannes"]
[Black "Nikolaidis, Ioannis"]
[Result "0-1"]
[WhiteElo "2569"]
[BlackElo "2510"]
[PlyCount "35"]
[EventDate "1999.02.??"]

1. e4 g6 2. d4 d6 3. Nc3 c6 4. f4 d5 5. e5 h5 6. Be3 Nh6 7. Nf3 Bg4 8. Be2 e6
9. a3 Nd7 10. Bf2 Nf5 11. Qd2 Be7 12. O-O b5 13. Nd1 a5 14. a4 b4 15. Ne3 c5
16. dxc5 Bxf3 17. Bxf3 Nxe3 18. c6 0-1

[Event "Open"]
[Site "Cappelle la Grande"]
[Date "1999.02.20"]
[Round "8"]
[White "Volkov, Sergey"]
[Black "Gretarsson, Helgi Ass"]
[Result "0-1"]
[WhiteElo "2587"]
[BlackElo "2459"]
[PlyCount "120"]
[EventDate "1999.02.??"]

1. d4 d5 2. c4 c6 3. Nc3 dxc4 4. e4 b5 5. a4 b4 6. Na2 Nf6 7. e5 Nd5 8. Bxc4 e6
9. Nf3 Be7 10. O-O a5 11. Qc2 Ba6 12. Bxa6 Rxa6 13. Qe4 Nb6 14. Qg4 g6 15. b3
h5 16. Qe4 Qd5 17. Qxd5 Nxd5 18. Bg5 Nd7 19. Rac1 c5 20. Rc2 Bxg5 21. Nxg5 Ke7
22. dxc5 Nxe5 23. Re1 f6 24. Nc1 Nc3 25. Ne4 Nxe4 26. Rxe4 Rd8 27. Kf1 g5 28.
h4 g4 29. Re3 Rc6 30. f4 gxf3 31. gxf3 Rd5 32. Ne2 Ng6 33. Re4 Rcxc5 34. Rxc5
Rxc5 35. Nd4 e5 36. Nf5+ Kd7 37. Ng7 Nf4 38. Re3 Rc1+ 39. Kf2 Rc2+ 40. Kf1 Rc1+
41. Kf2 Rc2+ 42. Kf1 Rd2 43. Nf5 Nd5 44. Re2 Rd3 45. Kf2 Rxb3 46. Rd2 Kc6 47.
Ng3 Ra3 48. Rc2+ Kb6 49. Rd2 Nf4 50. Rd6+ Kc7 51. Rxf6 b3 52. Rf7+ Kc6 53. Rf6+
Kd7 54. Rb6 b2 55. Nf1 Ra2 56. Kg1 Ne2+ 57. Kh1 Kc7 58. Rb3 Nd4 59. Rc3+ Kd6
60. Nd2 Ra1+ 0-1